000 00576cam a22001575a 4500
001 J100788
008 000000s1914 xxk 000 0 eng u
035 _a(Sirsi) u100788
110 _aSurveyors' Institution
_93783
245 _aFarm labourers' wages, rural housing and land tenure. Report of deputation to the Right Hon Walter Ruciman MP.(President of the Board of Agriculture and Fisheries) from the Surveyors' Institution. 18th March 1914 and 25th March 1914.
260 _c1914
300 _a42p.
651 4 _aUnited Kingdom
_y
690 _aRural
_96268
942 _n0
999 _c99831
_d99831